00422nam a2200169 a 450000100060000000300090000600800410001502000150005604000280007108200090009910000150010824500230012326000440014630000110019049000190020165000320022017414CO-ViMGA141112s2004 ck r 000 u spa d a8447803384 aCO-ViMGAbspacCO-ViMGA04aPESl1 aPestum, Jo10aA lomos de un poni aBarcelona (España), cEl Arca, c1995 a114.p. aTren de cuerda14aCUENTOS INFANTILES ALEMANES